| 000 | 00523nam a2200145Ia 4500 | ||
|---|---|---|---|
| 008 | 140724s9999 xx 000 0 und d | ||
| 050 |
_aTP 1 _b.Sa194 2009 |
||
| 100 | _aSanchez, Lean Rosendo Hallares. | ||
| 245 |
_aComputerized inventory system for RBS Engineering Technologies / _cLean Rosendo Hallares Sanchez. |
||
| 260 |
_aLas PiƱas, Philippines : _bSouthville International School and Colleges, _cc2009. |
||
| 300 |
_a133 p. : _bill. ; _c28 cm. |
||
| 521 | _aInformation Technology | ||
| 942 | _cTH | ||
| 999 |
_c228820 _d228820 |
||